Online
Catalog

Génesis y eclipse: (Record no. 53208)

MARC details
000 -CABECERA
campo de control de longitud fija 01377nam a2200301 i 4500
003 - IDENTIFICADOR DEL NÚMERO DE CONTROL
campo de control DO-SdBNP
005 - FECHA Y HORA DE LA ÚLTIMA TRANSACCIÓN
campo de control 20230719081847.0
007 - CAMPO FIJO DE DESCRIPCIÓN FÍSICA--INFORMACIÓN GENERAL
campo de control de longitud fija ta
008 - DATOS DE LONGITUD FIJA--INFORMACIÓN GENERAL
campo de control de longitud fija 230411t2013 dr ac||gr|||| 001 edspa d
020 ## - NÚMERO INTERNACIONAL ESTÁNDAR DEL LIBRO
Número Internacional Estándar del Libro 9789945475609
040 ## - FUENTE DE LA CATALOGACIÓN
Centro catalogador/agencia de origen DO-SdBNP
Lengua de catalogación spa
Centro/agencia transcriptor BNPHU
Normas de descripción rda
082 #4 - NÚMERO DE LA CLASIFICACIÓN DECIMAL DEWEY
Número de edición 22
Número de documento/Ítem C957g
100 10 - ENTRADA PRINCIPAL--NOMBRE DE PERSONA
9 (RLIN) 71172
Nombre de persona Cruz, Juan de la,
Fechas asociadas al nombre 1963-
Término indicativo de función/relación autor
245 10 - MENCIÓN DE TÍTULO
Título Génesis y eclipse:
Resto del título la utopía de Duarte /
Mención de responsabilidad, etc. Juan de la Cruz; Amado Santana, encargado de ediciones.
264 ## - PRODUCCIÓN, PUBLICACIÓN, DISTRIBUCIÓN, FABRICACIÓN Y COPYRIGHT
Producción, publicación, distribución, fabricación y copyright Santo Domingo :
Nombre del de productor, editor, distribuidor, fabricante FERILIBRO ,
Fecha de producción, publicación, distribución, fabricación o copyright 2013
300 ## - DESCRIPCIÓN FÍSICA
Extensión 153 páginas :
Otras características físicas Ilustraciones, retratos ;
Dimensiones 22 cm
336 ## - TIPO DE CONTENIDO
Fuente rdaconten
Término de tipo de contenido texto
Código de tipo de contenido txt
337 ## - TIPO DE MEDIO
Nombre/término del tipo de medio sin medición
Código del tipo de medio rdamedia
338 ## - TIPO DE SOPORTE
Nombre/término del tipo de soporte volumen
Código del tipo de soporte nc
500 ## - NOTA GENERAL
Nota general Incluye datos biográficos del autor en las solapas de las cubiertas
500 ## - NOTA GENERAL
Nota general Imagen de portada: "Cayena dominicana", de León Felix Batista y Amado Santana
504 ## - NOTA DE BIBLIOGRAFÍA, ETC.
Nota de bibliografía, etc. Bibliografía: 141 - 153 páginas
505 ## - NOTA DE CONTENIDO CON FORMATO
Nota de contenido con formato Prólogo.
Información miscelánea Capítulo 1.
Título Génesis de la Utopía de Duarte.--
Información miscelánea Capítulo 2
Título Desarrollo de la Utopía en el Pensamiento y en la Praxis de Duarte.--
Información miscelánea Capítulo 3.
Título Vicisitudes de Duarte por su Utopía.--
Información miscelánea Capítulo 4.
Título Continuidad y Eclipses de la Utopía de Duarte.--
Información miscelánea Capítulo 5.
Título La República Dominicana soñada.--
-- Bibliografía.
590 ## - NOTA LOCAL (RLIN)
Nota local Inventariado 2023 / MF
700 10 - PUNTO DE ACCESO ADICIONAL--NOMBRE DE PERSONA
9 (RLIN) 7207
Nombre de persona Santana, Amado
Término indicativo de función/relación editor
910 ## - DATOS DE OPCIÓN DEL USUARIO (OCLC)
Datos de opción del usuario MFeliz
942 ## - ELEMENTOS DE PUNTO DE ACCESO ADICIONAL (KOHA)
Fuente del sistema de clasificación o colocación Dewey Decimal Classification
Tipo de ítem Koha Libro
Holdings
Estado de retiro Estado de pérdida Fuente del sistema de clasificación o colocación Restricciones de uso No para préstamo Código de colección Localización permanente Ubicación/localización actual Ubicación en estantería Fecha de adquisición Fuente de adquisición Signatura topográfica completa Código de barras Fecha visto por última vez Precio válido a partir de Tipo de ítem Koha
    Dewey Decimal Classification Excluido de préstamo   Patrimonio Dominicano Biblioteca Nacional Pedro Henríquez Ureña Biblioteca Nacional Pedro Henríquez Ureña En catalogación 02.09.2022 Donado por Víctor Hugo C957g 2023-1324 11.04.2023 11.04.2023 Libro

Powered by Koha